Quizzes
Events
Quiz Creation
Community
Videos
Private Events
Remove Ads
Sign In
Join for FREE
Feedback
Dark Mode
Quiz Categories
Sports
Geography
Music
Movies
Television
Just For Fun
Miscellaneous
History
Literature
Language
Science
Gaming
Entertainment
Religion
Holiday
For Kids
Quiz Lab
Recent
Popular Today
Quiz Kudos Today
Editor Picks
Curator Picks
Quizzes by...
Day
Popularity
Type
Ratings
Length
Year
Community
Subscriptions
Recent Discussions
Orange Saloon
Badges
Playlists
Quests
Create
Leaderboards
Showdown
Live 5
Trivia Bingo
Activity
Puzzle Library
Sporcle Events
Private Events
Virtual Trivia
Globe League
Become a Host
Pub Owners
SporcleCon
Opinionation
Our Games
Videos
Blog
Mobile Apps
Partnerships
Remove Ads and Go Orange
Feedback
Gaming
Video Games
Board Games
Card Games
Pokémon
Mario
Nintendo
Minecraft
Console
Toys
Legend of Zelda
Gaming
Video Games
Board Games
Card Games
Pokémon
Mario
Nintendo
Minecraft
Console
Toys
Legend of Zelda
Random Quiz
Search Sporcle
×
Quiz Lab
Quiz Lab
Gaming
Pokémon
Type in answers that appear in a list
Type in answers that appear in a list
Classic
Best Score? Go Orange.
All Kalos Pokémon Stats
Can you name all the Kalos pokémon?
By
Gamerpro2020
15m
72 Questions
333 Plays
333 Plays
333 Plays
Comments
Comments
Give Quiz Kudos
Give Quiz Kudos
-
- Ratings
hide this ad
Replay
Link that replays current quiz
Next Quiz
Link to next quiz in quiz playlist
You Got
0%
They Got
Avg Score
75%
Avg Friend Score
Upgrade to see
Score Distribution
Jump to the score distribution portion of the page
Score
0/72
Timer
15:00
0
Plays Today
Dex No.
Pokémon
% Correct
650
Chespin
97.6%
658
Greninja
93.9%
656
Froakie
93.3%
653
Fennekin
93%
652
Chesnaught
92.7%
657
Frogadier
91.5%
651
Quilladin
90.3%
655
Delphox
90.3%
654
Braixen
90%
663
Talonflame
87%
716
Xerneas
87%
717
Yveltal
85.8%
718
Zygarde
84.8%
661
Fletchling
84.5%
662
Fletchinder
84.5%
659
Bunnelby
82.1%
664
Scatterbug
81.8%
706
Goodra
80.6%
660
Diggersby
80.3%
665
Spewpa
80.3%
720
Hoopa
80.3%
704
Goomy
80%
719
Diancie
79.4%
700
Sylveon
78.8%
714
Noibat
77.6%
721
Volcanion
77.6%
666
Vivillon
77.3%
668
Pyroar
77.3%
715
Noivern
77.3%
696
Tyrunt
76.4%
705
Sliggoo
76.4%
667
Litleo
75.8%
669
Flabébé
75.5%
697
Tyrantrum
75.5%
670
Floette
74.8%
671
Florges
74.8%
Dex No.
Pokémon
% Correct
701
Hawlucha
74.5%
673
Gogoat
73.9%
694
Helioptile
73%
698
Amaura
72.1%
699
Aurorus
72.1%
674
Pancham
71.8%
683
Aromatisse
71.8%
678
Meowstic
71.5%
672
Skiddo
71.2%
675
Pangoro
71.2%
695
Heliolisk
71.2%
702
Dedenne
71.2%
682
Spritzee
70.6%
679
Honedge
70.3%
685
Slurpuff
70.3%
677
Espurr
69.7%
680
Doublade
69.7%
691
Dragalge
68.8%
713
Avalugg
68.8%
684
Swirlix
68.2%
681
Aegislash
67.6%
712
Bergmite
67.6%
710
Pumpkaboo
67.3%
690
Skrelp
66.7%
693
Clawitzer
66.1%
707
Klefki
65.8%
711
Gourgeist
65.5%
676
Furfrou
64.8%
692
Clauncher
64.5%
686
Inkay
64.2%
709
Trevenant
64.2%
687
Malamar
63.6%
708
Phantump
62.7%
703
Carbink
60.9%
689
Barbaracle
58.2%
688
Binacle
57%
Quiz Playlist
Details
Report
Send in Message
Add To Playlist
Classic:
Type in answers that appear in a list
Last Updated: Feb 16, 2017
Quiz Scoreboard
CHALLENGE
Sign Up to Join the Scoreboard
Show All
Scores
Hide
Comments
May contain spoilers
Recently Published
One Thing in Common: World Cities II
by knightlancer
Geography
7m
Popular People in 1961
by mucciniale
History
6m
1-10 Letter E Words III
by El_Dandy
Language
2m
More to Explore
Quiz From the Vault
Featured Blog Post
Where Did the Easter Bunny Come From?
hide this ad
You Might Also Like...
Tags
Pokémon Quiz
Generation 6
Listing
Pokémon X
Pokémon Y
Today's Top Quizzes in Gaming
Browse Gaming
hide this ad
Today's Top Quizzes in Pokémon
Browse Pokémon
Top Contributed Quizzes in Gaming
1
Destiny 2 exotic weapons by perk icons
2
Who's on the WWE 2K24 Cover?
3
Windmill: Pokémon
4
Overwatch 2 Heroes by Selection Quote
5
Overwatch 2: Ultimate Ability Icons
6
Genshin Impact Logic Puzzle
7
Genshin murder mystery
8
Legendary or Exotic?
9
Overwatch Logic Puzzle
10
Franchise by Action Figure
Explore More
Trending Topics
Harry Potter
Crossword
NBA
Disney
Kpop
Marvel
Anime
The Office
Pokémon
Puzzle
NFL
WWE
Soccer
Song
Country
hide this ad
More By:
Gamerpro2020
Quiz
Plays
Rating
Category
Featured
Created
All Kalos Pokémon
333
Gaming
Mar 31, 2015
All Pokémon That Can Mega Evolve
69
Gaming
Apr 2, 2015
Go to Creator's Profile
Score Distribution
Quiz Creator Spotlight
Gamerpro2020
Follow
Send a Message
Quizzes Created
-
Created Quiz Play Count
-
More By This Creator
Popular Quizzes Today
1
Find the US States - No Outlines Minefield
2
The Countries of the World
3
Find the Countries of Europe - No Outlines Minefield
4
Popular People in 1961
5
1-10 Letter E Words III
6
Find the US States
7
One Thing in Common: World Cities II
8
US States
More Gaming Quizzes
Among Us Logic Puzzle II
Quiz Lab
Trending Quizzes
Risky Map Clicking: Least Populous States A-Z
1-10 Letter F Words
1-10 Letter G Words
One Thing in Common: United Kingdom
Risky Map Clicking: Next State Alphabetically
Recently Updated
Leaping Animals
pecheneg
Reality TV Shows (A-Z)
bhenderson79
Rickey Henderson's Hall of Fame Teammates
pecheneg
Champions League XIs: Arsenal
pecheneg
Quick Pick: Celebrities in WWE's Hall of Fame
aduchscher
A-Z Keypad Blitz II
pecheneg
Multiple Oscar Actors
pecheneg
Mystery Phrase Blitz: Oscar 'Best Actors'
pecheneg
F. Scott Fitzgerald Novels
LTH
Pick 3 Villains
ddd62291
Trending Topics
Kpop
Crossword
NBA
Marvel
Anime
Disney
Harry Potter
Pokémon
Soccer
The Office
Puzzle
NFL
Country
Song
WWE
Your Account Isn't Verified!
In order to create a playlist on Sporcle, you need to verify the email address you used during registration. Go to your
Sporcle Settings
to finish the process.
Report this User
Report this user for behavior that violates our
Community Guidelines
.
Details:
Send Report
Go to the Sporcle.com Mobile Site →
Comments